00342nam a2200133Ia 4500003000400000005001700004008004100021020002500062040002700087100001900114245004900133260001700182260000900199OSt20240207103220.0170523s9999 xx 000 0 und d a: ‎ 978-0749466886 ciimt university meerut aSRIVASTAVA- SB 2aA PRACTICAL GUIDE TO INDUSTRIAL ENTREPRENEUR bSULTAN CHAND c1992